000 00292nam a22001337a 4500
008 171204b xxu||||| |||| 00| 0 eng d
020 _a9780721635200
041 _aeng
080 _a618.2
100 _a1
101 _aNUR
245 _aMENTAL HEALTH NURSING
_cCARSON,V.B
942 _2udc
_cBK
999 _c38784
_d38784